[Event "BL2-Ost 1112"]
[Site "Germany"]
[Date "2012.02.26"]
[Round "7.6"]
[White "Schoellmann, Jochen"]
[Black "Troyke, Christian"]
[Result "1/2-1/2"]
[WhiteElo "2264"]
[BlackElo "2361"]
[PlyCount "82"]
[EventDate "2011.10.02"]
[EventType "team-tourn"]
[EventRounds "9"]
[EventCountry "GER"]
[SourceTitle "EXT 2015"]
[Source "ChessBase"]
[SourceDate "2014.11.20"]
[SourceVersion "1"]
[SourceVersionDate "2014.11.20"]
[SourceQuality "1"]
[WhiteTeam "Garching"]
[BlackTeam "Erfurt"]
[WhiteTeamCountry "GER"]
[BlackTeamCountry "GER"]

1. e4 g6 2. d4 Bg7 3. Nc3 c5 4. dxc5 Bxc3+ 5. bxc3 Qa5 6. Ne2 Nc6 7. Be3 Nf6 8. f3 0-0 9. Qd2 Rd8 10. Nd4 d6 11. Nb3 Qa3 12. cxd6 Rxd6 13. Bc5 Rxd2 14. Bxa3 Rd7 15. Bb5 Rc7 16. 0-0 Bd7 17. Nc5 Be8 18. Rab1 Na5 19. Bd3 Kf8 20. e5 Nd5 21. Bb4 Nc6 22. Be4 Ne3 23. Rfe1 Nc4 24. e6 f5 25. Bd3 Nb6 26. Ba3 Na5 27. Nb3 Nac4 28. Bc1 Nd5 29. Bh6+ Kg8 30. Bxc4 Rxc4 31. Na5 Rxc3 32. Rxb7 Rxc2 33. Re5 Rc5 34. Nb3 Rc7 35. Rxc7 Nxc7 36. h4 Rd8 37. Bg5 Rd6 38. Bxe7 Rxe6 39. Rxe6 Nxe6 40. Nc5 Kf7 41. Bd6 Nxc5 1/2-1/2

[Event "BL2-Ost 1112"]
[Site "Germany"]
[Date "2011.12.11"]
[Round "4.6"]
[White "Wernert, Wilfrid"]
[Black "Schoellmann, Jochen"]
[Result "1-0"]
[WhiteElo "2341"]
[BlackElo "2264"]
[PlyCount "41"]
[EventDate "2011.10.02"]
[EventType "team-tourn"]
[EventRounds "9"]
[EventCountry "GER"]
[SourceTitle "EXT 2015"]
[Source "ChessBase"]
[SourceDate "2014.11.20"]
[SourceVersion "1"]
[SourceVersionDate "2014.11.20"]
[SourceQuality "1"]
[WhiteTeam "Leipzig SG"]
[BlackTeam "Garching"]
[WhiteTeamCountry "GER"]
[BlackTeamCountry "GER"]

1. e4 g6 2. d4 Bg7 3. Nc3 d5 4. Nxd5 c6 5. Ne3 Qxd4 6. Qxd4 Bxd4 7. Bc4 Nf6 8. Nf3 Bxe3 9. Bxe3 Nxe4 10. 0-0-0 Nd6 11. Bb3 0-0 12. Bh6 Bg4 13. Rde1 Na6 14. Rxe7 Rfe8 15. Rxe8+ Nxe8 16. Bxf7+ Kxf7 17. Ne5+ Ke6 18. Nxg4 Nc5 19. Re1+ Kf7 20. Bg5 Ng7 21. Nh6+ 1-0

[Event "Oberliga Bayern 1011"]
[Site "Germany"]
[Date "2011.01.16"]
[Round "5.7"]
[White "Schoellmann, Jochen"]
[Black "Wagner, Hans2222"]
[Result "0-1"]
[WhiteElo "2205"]
[BlackElo "2181"]
[PlyCount "96"]
[EventDate "2010.10.10"]
[EventType "team-tourn"]
[EventRounds "9"]
[EventCountry "GER"]
[SourceTitle "EXT 2012"]
[Source "ChessBase"]
[SourceDate "2011.11.24"]
[SourceVersion "1"]
[SourceVersionDate "2011.11.24"]
[SourceQuality "1"]
[WhiteTeam "Garching"]
[BlackTeam "Rottal"]
[WhiteTeamCountry "GER"]
[BlackTeamCountry "GER"]

1. e4 c5 2. c3 Nf6 3. e5 Nd5 4. d4 cxd4 5. Nf3 e6 6. cxd4 b6 7. Nc3 Nxc3 8. bxc3 Qc7 9. Bd2 Bb7 10. Bd3 d6 11. 0-0 Nd7 12. Re1 dxe5 13. Nxe5 Nxe5 14. Rxe5 Bd6 15. Bb5+ Bc6 16. Qf3 Rc8 17. Bxc6+ Qxc6 18. d5 Qc7 19. Rh5 e5 20. Re1 f6 21. Re4 Qd7 22. Rg4 h6 23. a4 Rf8 24. Rhh4 f5 25. Rg6 e4 26. Qe2 Rf7 27. f3 Be7 28. Rf4 Bg5 29. Re6+ Kf8 30. fxe4 Bxf4 31. Bxf4 Qxa4 32. h3 fxe4 33. Bd6+ Kg8 34. Rxe4 Qd7 35. Bb4 Qxd5 36. Rd4 Qf5 37. Rd3 Kh7 38. Rf3 Qb1+ 39. Kh2 Rxf3 40. Qxf3 a5 41. Qb7 Qf5 42. Bd6 Rxc3 43. Qxb6 Rd3 44. Qc7 a4 45. Be5 Rd7 46. Qb8 a3 47. Ba1 Qd3 48. Qe5 Qd6 0-1

[Event "Oberliga Bayern 1011"]
[Site "Germany"]
[Date "2010.12.12"]
[Round "4.7"]
[White "Reis, Thomas"]
[Black "Schoellmann, Jochen"]
[Result "1/2-1/2"]
[WhiteElo "2145"]
[BlackElo "2205"]
[PlyCount "76"]
[EventDate "2010.10.10"]
[EventType "team-tourn"]
[EventRounds "9"]
[EventCountry "GER"]
[SourceTitle "EXT 2012"]
[Source "ChessBase"]
[SourceDate "2011.11.24"]
[SourceVersion "1"]
[SourceVersionDate "2011.11.24"]
[SourceQuality "1"]
[WhiteTeam "Wuerzburg"]
[BlackTeam "Garching"]
[WhiteTeamCountry "GER"]
[BlackTeamCountry "GER"]

1. c4 c5 2. g3 Nc6 3. Bg2 g6 4. Nc3 Bg7 5. a3 f5 6. Rb1 Nf6 7. b4 cxb4 8. axb4 e5 9. b5 Nd4 10. e3 Ne6 11. Ba3 d6 12. d4 Qc7 13. dxe5 Qxc4 14. Nge2 dxe5 15. 0-0 Kf7 16. Rb4 Qc7 17. Qb3 Re8 18. Rc1 Kg8 19. Nd5 Qf7 20. Nc7 Nxc7 21. Qxf7+ Kxf7 22. Rxc7+ Kg8 23. Bxb7 Bxb7 24. Rxb7 Reb8 25. Rxb8+ Rxb8 26. Ra4 Bf8 27. Nc3 Bxa3 28. Rxa3 Rb7 29. Ra6 Kf7 30. Rc6 Ne8 31. Kf1 Nc7 32. Ke2 Nxb5 33. Nxb5 Rxb5 34. Rc7+ Kf6 35. Rxa7 Rb2+ 36. Kf3 e4+ 37. Kg2 h6 38. Rh7 h5 1/2-1/2

[Event "Oberliga Bayern 0910"]
[Site "Bayern"]
[Date "2010.03.21"]
[Round "8.5"]
[White "Kaunzinger, Albert"]
[Black "Schoellmann, Jochen"]
[Result "1/2-1/2"]
[WhiteElo "2186"]
[BlackElo "2180"]
[PlyCount "81"]
[EventDate "2009.10.18"]
[EventType "team-tourn"]
[EventRounds "9"]
[EventCountry "GER"]
[SourceTitle "EXT 2011"]
[Source "ChessBase"]
[SourceDate "2010.11.26"]
[SourceVersion "1"]
[SourceVersionDate "2010.11.26"]
[SourceQuality "1"]
[WhiteTeam "Groebenzell"]
[BlackTeam "Garching"]
[WhiteTeamCountry "GER"]
[BlackTeamCountry "GER"]

1. d4 Nf6 2. Bf4 c5 3. e3 Qb6 4. Nc3 Qxb2 5. Nb5 Na6 6. a3 Nd5 7. Rb1 Qa2 8. Rb3 cxd4 9. exd4 d6 10. Bc1 Nac7 11. Nf3 a6 12. Nxc7+ Nxc7 13. Bd3 Bg4 14. 0-0 b5 15. Qe2 Be6 16. Rb2 Qxa3 17. Rxb5 Qa4 18. Rb1 g6 19. c4 Bg7 20. h3 0-0 21. d5 Bf5 22. Bxf5 gxf5 23. Nh4 e6 24. Rb7 Rac8 25. dxe6 fxe6 26. Rb6 Qd7 27. Nf3 Rb8 28. Rxb8 Rxb8 29. Ba3 Rb3 30. Bc1 Qc6 31. Ng5 Qd7 32. Rd1 Rb1 33. Bf4 Rxd1+ 34. Qxd1 Ne8 35. Qh5 Nf6 36. Qd1 h6 37. Nf3 Ne4 38. Qb3 Kh7 39. Qb6 Qc8 40. Bxd6 Qxc4 41. Bb8 1/2-1/2

[Event "Oberliga Bayern 0910"]
[Site "Bayern"]
[Date "2010.02.07"]
[Round "6.6"]
[White "Schoellmann, Jochen"]
[Black "Lentrodt, Thomas"]
[Result "1/2-1/2"]
[WhiteElo "2180"]
[BlackElo "2267"]
[PlyCount "99"]
[EventDate "2009.10.18"]
[EventType "team-tourn"]
[EventRounds "9"]
[EventCountry "GER"]
[SourceTitle "EXT 2011"]
[Source "ChessBase"]
[SourceDate "2010.11.26"]
[SourceVersion "1"]
[SourceVersionDate "2010.11.26"]
[SourceQuality "1"]
[WhiteTeam "Garching"]
[BlackTeam "Bayern Muenchen II"]
[WhiteTeamCountry "GER"]
[BlackTeamCountry "GER"]

1. e4 e6 2. d4 d5 3. Nc3 Nf6 4. Bg5 Be7 5. e5 Nfd7 6. Bxe7 Qxe7 7. f4 a6 8. Nf3 c5 9. Qd2 Nc6 10. 0-0-0 Nxd4 11. Nxd4 cxd4 12. Qxd4 Qc5 13. Ne2 Qa5 14. Kb1 Nb8 15. Qf2 Nc6 16. Qg3 g6 17. Qg5 Qd8 18. Qh6 Qe7 19. Qg7 Qf8 20. Qf6 Rg8 21. c4 Qe7 22. Nc3 Qxf6 23. exf6 d4 24. Ne4 Kf8 25. Nd6 g5 26. Bd3 gxf4 27. Bxh7 Rh8 28. Be4 e5 29. g3 Bg4 30. Rde1 Rh6 31. gxf4 exf4 32. Rhg1 Rxf6 33. Rxg4 Rxd6 34. Rxf4 Rc8 35. Rd1 Ne5 36. Bd5 d3 37. b3 b5 38. Rf5 f6 39. Rg1 Nf7 40. Rd1 bxc4 41. bxc4 Ne5 42. Rg1 Rb6+ 43. Kc1 Nxc4 44. Rg8+ Ke7 45. Rg7+ Kd6 46. Bxc4 Rxc4+ 47. Kd2 Ke6 48. Kxd3 Kxf5 49. Kxc4 Rb2 50. a3 1/2-1/2

[Event "Oberliga Bayern 0910"]
[Site "Bayern"]
[Date "2010.01.24"]
[Round "5.5"]
[White "Schoellmann, Jochen"]
[Black "Vogiatzis, Dimitrios"]
[Result "1-0"]
[WhiteElo "2180"]
[BlackElo "2070"]
[PlyCount "91"]
[EventDate "2009.10.18"]
[EventType "team-tourn"]
[EventRounds "9"]
[EventCountry "GER"]
[SourceTitle "EXT 2011"]
[Source "ChessBase"]
[SourceDate "2010.11.26"]
[SourceVersion "1"]
[SourceVersionDate "2010.11.26"]
[SourceQuality "1"]
[WhiteTeam "Garching"]
[BlackTeam "Nuernberg NT II"]
[WhiteTeamCountry "GER"]
[BlackTeamCountry "GER"]

1. e4 e5 2. Nf3 d5 3. exd5 Bd6 4. Bb5+ Bd7 5. Bxd7+ Nxd7 6. d3 Ngf6 7. c4 0-0 8. Nc3 c6 9. dxc6 bxc6 10. Qc2 Nc5 11. 0-0 Nxd3 12. Qxd3 e4 13. Qe2 exf3 14. Qxf3 Qc7 15. g3 Rfe8 16. b3 Be5 17. Bb2 Nd7 18. Rad1 Bf6 19. Qf5 Re6 20. Rd2 g6 21. Qc2 Ne5 22. Kg2 Bg7 23. Rfd1 Rae8 24. h3 f5 25. Na4 c5 26. Rd5 Nc6 27. Bxg7 Qxg7 28. Nxc5 Re2 29. R1d2 R2e7 30. Qb2 Qf7 31. Rd7 f4 32. Rxe7 f3+ 33. Kg1 Rxe7 34. Nd3 Qe6 35. Qa1 g5 36. Qd1 Nd4 37. Nf4 Qe1+ 38. Qxe1 Rxe1+ 39. Kh2 gxf4 40. Rxd4 Re2 41. gxf4 Rxf2+ 42. Kg3 Rxa2 43. Kxf3 Ra3 44. Rd3 Kf7 45. c5 Ke6 46. c6 1-0

[Event "Oberliga Bayern 0910"]
[Site "Bayern"]
[Date "2009.11.15"]
[Round "2.6"]
[White "Reis, Thomas"]
[Black "Schoellmann, Jochen"]
[Result "1/2-1/2"]
[WhiteElo "2135"]
[BlackElo "2180"]
[PlyCount "25"]
[EventDate "2009.10.18"]
[EventType "team-tourn"]
[EventRounds "9"]
[EventCountry "GER"]
[SourceTitle "EXT 2011"]
[Source "ChessBase"]
[SourceDate "2010.11.26"]
[SourceVersion "1"]
[SourceVersionDate "2010.11.26"]
[SourceQuality "1"]
[WhiteTeam "Wuerzburg"]
[BlackTeam "Garching"]
[WhiteTeamCountry "GER"]
[BlackTeamCountry "GER"]

1. e4 g6 2. d4 Bg7 3. Nc3 d5 4. exd5 Nf6 5. Bb5+ Nbd7 6. Qf3 0-0 7. Ba4 Nb6 8. Bb3 a5 9. a4 Bg4 10. Qg3 Bf5 11. Qf3 Bg4 12. Qg3 Bf5 13. Qf3 1/2-1/2